[Event "Avoine op 36th"]
[Site "Avoine"]
[Date "2022.07.27"]
[Round "5"]
[White "Ollier, Pablo"]
[Black "Selebran, Henri"]
[Result "1-0"]
[WhiteElo "2376"]
[BlackElo "2137"]
[PlyCount "31"]
[EventDate "2022.07.23"]
[EventType "swiss"]
[EventRounds "9"]
[EventCountry "FRA"]
[SourceTitle "CBM 209 Extra"]
[Source "ChessBase"]
[SourceDate "2022.09.30"]
[SourceVersion "1"]
[SourceVersionDate "2022.09.30"]
[SourceQuality "1"]

1. d4 Nf6 2. c4 e6 3. Nc3 Bb4 4. e3 b6 5. Nge2 c5 6. a3 Ba5 7. Bd2 0-0 8. d5 exd5 9. cxd5 Ba6 10. Ng3 Bxf1 11. Kxf1 Bxc3 12. Bxc3 Re8 13. Nf5 d6 14. Qf3 Nbd7 15. Qg3 Nh5 16. Nh6+ 1-0

[Event "Rochefort op 20th"]
[Site "Rochefort"]
[Date "2022.02.13"]
[Round "2"]
[White "Galperin, Platon"]
[Black "Selebran, Henri"]
[Result "1-0"]
[WhiteElo "2522"]
[BlackElo "2094"]
[PlyCount "51"]
[EventDate "2022.02.12"]
[EventType "swiss"]
[EventRounds "9"]
[EventCountry "FRA"]
[SourceTitle "CBM 206 Extra"]
[Source "ChessBase"]
[SourceDate "2022.03.31"]
[SourceVersion "1"]
[SourceVersionDate "2022.03.31"]
[SourceQuality "1"]

1. c4 Nf6 2. Nc3 c5 3. Nf3 Nc6 4. e3 g6 5. d4 cxd4 6. exd4 d5 7. cxd5 Nxd5 8. Qb3 Nxc3 9. Bc4 e6 10. bxc3 Bg7 11. Ba3 Bf8 12. h4 h5 13. 0-0 Bxa3 14. Qxa3 Qe7 15. Qc1 0-0 16. Re1 Qf6 17. Ng5 Ne7 18. Ne4 Qg7 19. Qg5 f6 20. Qf4 Nd5 21. Bxd5 exd5 22. Nd6 Qc7 23. Re3 Bf5 24. Rae1 Be4 25. g3 Rad8 26. f3 1-0

[Event "Poitiers Futuroscope Rapid"]
[Site "Poitiers"]
[Date "2019.12.01"]
[Round "2.2"]
[White "Selebran, Henri"]
[Black "Edouard, Romain"]
[Result "0-1"]
[WhiteElo "2104"]
[BlackElo "2635"]
[PlyCount "56"]
[EventDate "2019.12.01"]
[EventType "swiss (rapid)"]
[EventRounds "7"]
[EventCountry "FRA"]
[SourceTitle "EXT 2021"]
[Source "ChessBase"]
[SourceDate "2020.10.23"]
[SourceVersion "1"]
[SourceVersionDate "2020.10.23"]
[SourceQuality "1"]

1. c4 e5 2. g3 h5 3. h4 Nc6 4. Bg2 Bc5 5. Nc3 d6 6. e3 a6 7. Nge2 Ba7 8. Rb1 Nh6 9. b4 Rb8 10. d4 Bf5 11. Rb3 Bd7 12. c5 0-0 13. 0-0 Ng4 14. b5 axb5 15. Nxb5 Ra8 16. Nxa7 Rxa7 17. cxd6 cxd6 18. dxe5 dxe5 19. Ba3 Re8 20. Bc5 Rxa2 21. Rxb7 Bc8 22. Qb3 Bxb7 23. Qxa2 e4 24. Rb1 Ba8 25. Nd4 Nce5 26. Bf1 Nd3 27. Bxd3 exd3 28. Qd2 Qd5 0-1

[Event "Montaiguillon rapid 1st"]
[Site "Montagne"]
[Date "2019.09.08"]
[Round "2"]
[White "Selebran, Henri"]
[Black "Lagarde, Maxime"]
[Result "0-1"]
[WhiteElo "2109"]
[BlackElo "2657"]
[PlyCount "48"]
[EventDate "2019.09.08"]
[EventType "swiss (rapid)"]
[EventRounds "9"]
[EventCountry "FRA"]
[SourceTitle "EXT 2020"]
[Source "ChessBase"]
[SourceDate "2019.10.17"]
[SourceVersion "1"]
[SourceVersionDate "2019.10.17"]
[SourceQuality "1"]

1. c4 Nf6 2. g3 g6 3. Bg2 Bg7 4. Nc3 0-0 5. d3 d6 6. Nf3 e5 7. 0-0 c5 8. Nd5 Nxd5 9. cxd5 Na6 10. e4 h6 11. Ne1 f5 12. f4 exf4 13. gxf4 fxe4 14. dxe4 Bd7 15. Nd3 c4 16. Nf2 Nc5 17. Qe2 b5 18. Be3 Na4 19. Rab1 Qh4 20. Nh1 Rac8 21. Ng3 Nc5 22. Bxc5 Rxc5 23. Qe3 Qe7 24. Rf2 Rxd5 0-1

[Event "Avoine op 34th"]
[Site "Avoine"]
[Date "2019.07.20"]
[Round "1"]
[White "Selebran, Henri"]
[Black "Baillon, Olivier"]
[Result "1-0"]
[WhiteElo "2070"]
[BlackElo "2279"]
[PlyCount "63"]
[EventDate "2019.07.20"]
[EventType "swiss"]
[EventRounds "9"]
[EventCountry "FRA"]
[SourceTitle "EXT 2020"]
[Source "ChessBase"]
[SourceDate "2019.10.17"]
[SourceVersion "1"]
[SourceVersionDate "2019.10.17"]
[SourceQuality "1"]

1. c4 g6 2. g3 Bg7 3. Bg2 e5 4. Nc3 Ne7 5. d3 0-0 6. e4 Nbc6 7. Nge2 d6 8. 0-0 f5 9. Nd5 h6 10. Rb1 a5 11. a3 fxe4 12. dxe4 Bg4 13. f3 Bd7 14. Be3 b6 15. Qd2 Kh7 16. b4 Rb8 17. Nec3 axb4 18. axb4 Nd4 19. b5 Ne6 20. Bh3 Rf7 21. Ra1 Nxd5 22. Nxd5 Qf8 23. Kg2 Ra8 24. Ra6 Qc8 25. Bxe6 Bxe6 26. Rfa1 Bh3+ 27. Kg1 Rxa6 28. bxa6 Rxf3 29. a7 Qa8 30. Qe2 Rf7 31. g4 Bf6 32. Qf3 1-0

[Event "Rochefort op-A17th"]
[Site "Rochefort"]
[Date "2018.02.17"]
[Round "5.11"]
[White "Rakotomaharo, Fy Antenaina"]
[Black "Selebran, Henri"]
[Result "0-1"]
[WhiteElo "2410"]
[BlackElo "2151"]
[PlyCount "116"]
[EventDate "2018.02.17"]
[EventType "swiss"]
[EventRounds "9"]
[EventCountry "FRA"]
[SourceTitle "EXT 2019"]
[Source "ChessBase"]
[SourceDate "2018.10.10"]
[SourceVersion "1"]
[SourceVersionDate "2018.10.10"]
[SourceQuality "1"]

1. d4 Nf6 2. c4 e6 3. Nc3 Bb4 4. e3 b6 5. Bd3 Bb7 6. Nf3 0-0 7. 0-0 d5 8. cxd5 exd5 9. Ne5 Bd6 10. b3 a6 11. Bb2 Qe7 12. Ne2 Nbd7 13. f4 Ne4 14. Bxe4 dxe4 15. Ng3 f5 16. Rc1 Qe6 17. d5 Qe7 18. Nc6 Bxc6 19. Rxc6 Nc5 20. Ba3 a5 21. Ne2 Qf7 22. Nc3 Rfd8 23. Nb5 a4 24. bxa4 Rd7 25. Nxd6 Rxd6 26. Bxc5 Rxc6 27. dxc6 bxc5 28. Qd7 Qxd7 29. cxd7 Rd8 30. Rd1 Kf7 31. Rd5 Ke6 32. Re5+ Kf6 33. Rxc5 Rxd7 34. Rc6+ Kf7 35. g4 g6 36. gxf5 gxf5 37. Kf2 Rd3 38. Rxc7+ Kg6 39. Rc6+ Kh5 40. h3 Rd2+ 41. Kg3 Rd3 42. Kf2 Rd2+ 43. Ke1 Rxa2 44. Rf6 Kh4 45. Rxf5 Kg3 46. Ra5 Kf3 47. f5 Kxe3 48. Kd1 Rd2+ 49. Ke1 Rh2 50. Kd1 Rxh3 51. Rb5 Rh1+ 52. Kc2 Rh6 53. a5 Rf6 54. Kd1 Kf3 55. Rb7 h5 56. Rb3+ e3 57. Ra3 Kf2 58. Ra2+ Kf1 0-1

[Event "Rochefort op-A17th"]
[Site "Rochefort"]
[Date "2018.02.17"]
[Round "6.7"]
[White "Selebran, Henri"]
[Black "Ider, Borya"]
[Result "0-1"]
[WhiteElo "2151"]
[BlackElo "2514"]
[PlyCount "134"]
[EventDate "2018.02.17"]
[EventType "swiss"]
[EventRounds "9"]
[EventCountry "FRA"]
[SourceTitle "EXT 2019"]
[Source "ChessBase"]
[SourceDate "2018.10.10"]
[SourceVersion "1"]
[SourceVersionDate "2018.10.10"]
[SourceQuality "1"]

1. e4 e6 2. d4 d5 3. e5 c5 4. c3 Nc6 5. Nf3 Qb6 6. a3 c4 7. Nbd2 Na5 8. Rb1 Bd7 9. Be2 Ne7 10. b4 cxb3 11. Nxb3 Nxb3 12. Qxb3 Qxb3 13. Rxb3 b6 14. Bb5 Bxb5 15. Rxb5 Rc8 16. Kd2 Nc6 17. Kd3 Na5 18. Nd2 Be7 19. Nb3 Nc4 20. Nd2 Na5 21. Nb3 Nc6 22. a4 Kd7 23. a5 Kc7 24. Bd2 Rb8 25. Ra1 Rhc8 26. Ra4 a6 27. Rxb6 Rxb6 28. axb6+ Kxb6 29. Bc1 a5 30. Ra1 Kb5 31. Ba3 a4 32. Nc1 Bxa3 33. Rxa3 Na7 34. Ra1 Ra8 35. Rb1+ Kc6 36. Na2 Nb5 37. Nb4+ Kb6 38. Na2 Ka5 39. Nb4 Rc8 40. Na2 a3 41. Rb3 g5 42. Ke3 h5 43. h3 h4 44. f3 Rc7 45. Kd3 Rc8 46. Ke3 Rf8 47. Kd3 Rb8 48. Kd2 Rb7 49. Kd3 Kb6 50. Nb4 Kc7 51. Kc2 Kd8 52. Na2 Kd7 53. Kd3 Nd6 54. Rxb7+ Nxb7 55. c4 Nd8 56. c5 Nc6 57. Ke3 Ke7 58. f4 gxf4+ 59. Kxf4 Nxd4 60. Kg5 Ne2 61. Kg4 d4 62. Kf3 Nc3 63. Nb4 Kd7 64. Kf2 a2 65. Nxa2 Nxa2 66. g3 hxg3+ 67. Kxg3 Nb4 0-1

[Event "Rochefort op-A17th"]
[Site "Rochefort"]
[Date "2018.02.17"]
[Round "3.13"]
[White "Stets, Dmitry"]
[Black "Selebran, Henri"]
[Result "1/2-1/2"]
[WhiteElo "2398"]
[BlackElo "2151"]
[PlyCount "134"]
[EventDate "2018.02.17"]
[EventType "swiss"]
[EventRounds "9"]
[EventCountry "FRA"]
[SourceTitle "EXT 2019"]
[Source "ChessBase"]
[SourceDate "2018.10.10"]
[SourceVersion "1"]
[SourceVersionDate "2018.10.10"]
[SourceQuality "1"]

1. e4 d6 2. d4 Nf6 3. Nc3 Nbd7 4. Nf3 e5 5. Bc4 Be7 6. a4 0-0 7. 0-0 a5 8. Re1 c6 9. Ba2 h6 10. h3 Re8 11. Be3 Bf8 12. dxe5 dxe5 13. Qd3 Qc7 14. Qc4 Nc5 15. Bxc5 Be6 16. Qe2 Bxc5 17. Bxe6 Rxe6 18. Rad1 Nh5 19. Nh4 Nf4 20. Qf3 Qb6 21. Rd2 Rf6 22. Nd1 Rd8 23. Rxd8+ Qxd8 24. Ne3 Rd6 25. Nhf5 Rd2 26. Rd1 Bxe3 27. Nxe3 Ne6 28. Kf1 Nc5 29. Ke1 Rxd1+ 30. Qxd1 Qxd1+ 31. Kxd1 Nxe4 32. Nc4 Nxf2+ 33. Ke2 Ne4 34. Ke3 f5 35. Nxe5 Kf8 36. Nc4 Kf7 37. Nxa5 Nd6 38. Kd4 Ke6 39. c4 b5 40. c5 Nc8 41. Nxc6 bxa4 42. g3 g5 43. Nd8+ Kf6 44. c6 h5 45. Nb7 Ke6 46. c7 Kd7 47. Ke5 Kxc7 48. Nc5 Nd6 49. Nxa4 f4 50. gxf4 g4 51. hxg4 hxg4 52. b4 g3 53. Nc3 g2 54. Ne2 Kc6 55. Ng1 Nf7+ 56. Ke6 Nh6 57. Kf6 Kd5 58. Kg6 Ng4 59. f5 Kc4 60. Kg5 Ne5 61. Kf4 Nd7 62. Kg3 Kxb4 63. Kxg2 Kc5 64. Kg3 Kd6 65. Kf4 Ke7 66. Kg5 Kf7 67. Nf3 Kg7 1/2-1/2

[Event "Asnieres Challenge blitz"]
[Site "Asnieres sur Seine"]
[Date "2017.06.11"]
[Round "15.1"]
[White "Selebran, Henri"]
[Black "Ouerk, Yanis"]
[Result "1-0"]
[WhiteElo "2150"]
[BlackElo "2380"]
[PlyCount "81"]
[EventDate "2017.06.10"]
[EventType "swiss (blitz)"]
[EventRounds "15"]
[EventCountry "FRA"]
[SourceTitle "EXT 2024"]
[Source "ChessBase"]
[SourceDate "2023.10.10"]
[SourceVersion "1"]
[SourceVersionDate "2023.10.10"]
[SourceQuality "1"]

1. Nf3 Nf6 2. g3 g6 3. Bg2 Bg7 4. 0-0 0-0 5. c4 d6 6. d4 c6 7. Nc3 Qa5 8. e4 e5 9. a3 exd4 10. Nxd4 Na6 11. Bf4 Rd8 12. b4 Qh5 13. Bf3 Bg4 14. Bxg4 Nxg4 15. h4 c5 16. Ndb5 cxb4 17. axb4 Nxb4 18. Rb1 Nc6 19. Nd5 Nce5 20. f3 Nf6 21. Kg2 Nxd5 22. cxd5 Nc4 23. Qd3 Nb2 24. Qe2 a6 25. Nxd6 Na4 26. Rxb7 Nc3 27. Qd3 Rf8 28. Bg5 Rab8 29. Rxb8 Rxb8 30. g4 Rb2+ 31. Kh3 Qxg5 32. hxg5 Be5 33. f4 Bxd6 34. Qxc3 Ra2 35. Rb1 Ra3 36. Rb3 Ra2 37. Qf6 Bf8 38. Rb8 Ra3+ 39. Kh4 Ra2 40. Qe7 Rh2+ 41. Kg3 1-0

[Event "FRA-ch U26"]
[Site "Strasbourg"]
[Date "2017.01.21"]
[Round "3"]
[White "Selebran, Henri"]
[Black "Sochacki, Wojtek"]
[Result "0-1"]
[WhiteElo "2058"]
[BlackElo "2347"]
[PlyCount "101"]
[EventDate "2017.01.21"]
[EventType "swiss"]
[EventRounds "11"]
[EventCountry "FRA"]
[SourceTitle "EXT 2018"]
[Source "ChessBase"]
[SourceDate "2017.10.13"]
[SourceVersion "1"]
[SourceVersionDate "2017.10.13"]
[SourceQuality "1"]

1. e4 c5 2. c3 Nf6 3. e5 Nd5 4. Nf3 Nc6 5. Bc4 Nb6 6. Bb3 d5 7. exd6 Qxd6 8. 0-0 c4 9. Bc2 Bg4 10. h3 Bh5 11. b3 e6 12. Na3 cxb3 13. axb3 Qd5 14. g4 Bg6 15. c4 Qd7 16. Bb2 Be7 17. Bxg7 Rg8 18. Ne5 Nxe5 19. Bxe5 a6 20. d4 h5 21. f3 Rd8 22. Bxg6 Rxg6 23. Nc2 f6 24. Bh2 Bd6 25. Qe2 Bxh2+ 26. Qxh2 Kf7 27. Ra5 Rh8 28. Rc5 Na8 29. d5 hxg4 30. fxg4 Rxg4+ 31. Kh1 Rgh4 32. Rf3 b6 33. Rc6 Re4 34. Qf2 Rh6 35. Nd4 Nc7 36. dxe6+ Nxe6 37. Nxe6 Qd1+ 38. Kg2 Re2 39. Ng5+ Kg8 40. Rc8+ Kg7 41. Rc7+ Kg6 42. Rxf6+ Kh5 43. Rxh6+ Kxh6 44. Nf7+ Kh5 45. b4 Rxf2+ 46. Kxf2 Qd2+ 47. Kg1 Qf4 48. Ra7 Qg3+ 49. Kf1 Qxh3+ 50. Ke2 Qc3 51. Nd8 0-1

[Event "Sautron op 15th"]
[Site "Sautron"]
[Date "2015.10.24"]
[Round "2.10"]
[White "Selebran, Henri"]
[Black "Stets, Dmitry"]
[Result "1/2-1/2"]
[WhiteElo "1937"]
[BlackElo "2432"]
[PlyCount "143"]
[EventDate "2015.10.24"]
[EventType "swiss"]
[EventRounds "9"]
[EventCountry "FRA"]
[SourceTitle "EXT 2019"]
[Source "ChessBase"]
[SourceDate "2018.10.10"]
[SourceVersion "1"]
[SourceVersionDate "2018.10.10"]
[SourceQuality "1"]

1. e4 c5 2. c3 g6 3. d4 cxd4 4. cxd4 d5 5. exd5 Nf6 6. Nc3 Bg7 7. Bc4 Nbd7 8. d6 0-0 9. dxe7 Qxe7+ 10. Nge2 Nb6 11. Bb3 Bg4 12. Be3 Rad8 13. h3 Bxe2 14. Qxe2 Nfd5 15. 0-0 Rfe8 16. Rae1 Qd7 17. Qf3 h6 18. Ne4 Qf5 19. Qxf5 gxf5 20. Nc5 Nxe3 21. fxe3 Rxe3 22. Rxe3 Bxd4 23. Rxf5 Bxe3+ 24. Kh2 Bxc5 25. Rxc5 Kg7 26. Rc7 Rd7 27. Rxd7 Nxd7 28. Kg3 Nc5 29. Bc2 a5 30. Kf4 Kf6 31. g4 Ne6+ 32. Ke3 Ke5 33. Bb3 Nf4 34. h4 f6 35. h5 Nh3 36. Ba4 Nf4 37. Bd7 Nd5+ 38. Kd3 Nb4+ 39. Kc4 Nxa2 40. Kb5 Kd6 41. Bf5 Nb4 42. Kxa5 Kc5 43. Ka4 Nc6 44. Bc8 b6 45. Kb3 Kd4 46. Ka4 Kc4 47. Ba6+ Kc5 48. Kb3 Ne5 49. Bc8 Kd4 50. Ka4 Nc4 51. b3 Nd6 52. Bd7 Kc5 53. b4+ Kc4 54. Be6+ Kd4 55. Bd7 Kc3 56. Be6 Ne8 57. Bf5 Nc7 58. Bh7 Kc4 59. Bg8+ Kd4 60. Bh7 Kc3 61. Bg8 Na6 62. Kb5 Nxb4 63. Kxb6 Kd4 64. Kc7 Ke5 65. Kd7 Kf4 66. Be6 Nc2 67. Ke7 Kg5 68. Kf7 Nd4 69. Ke7 Ne2 70. Bd7 Ng3 71. Bc8 f5 72. Bxf5 1/2-1/2

[Event "Sautron op 15th"]
[Site "Sautron"]
[Date "2015.10.23"]
[Round "4.20"]
[White "Selebran, Henri"]
[Black "Entem, Alan"]
[Result "1/2-1/2"]
[WhiteElo "1937"]
[BlackElo "2175"]
[PlyCount "49"]
[EventDate "2015.10.24"]
[EventType "swiss"]
[EventRounds "9"]
[EventCountry "FRA"]
[SourceTitle "EXT 2019"]
[Source "ChessBase"]
[SourceDate "2018.10.10"]
[SourceVersion "1"]
[SourceVersionDate "2018.10.10"]
[SourceQuality "1"]

1. e4 g6 2. d4 Bg7 3. Nc3 c5 4. dxc5 Qa5 5. Nge2 Qxc5 6. Be3 Qa5 7. Nd4 Nc6 8. Bc4 Nf6 9. 0-0 0-0 10. f4 Qc5 11. Qd3 Ng4 12. Nf5 Nxe3 13. Nxe3 Nb4 14. Qe2 Bxc3 15. bxc3 Nxc2 16. Qxc2 Qxe3+ 17. Kh1 Qc5 18. Qb3 Rb8 19. f5 b5 20. Bxf7+ Kg7 21. fxg6 hxg6 22. Bxg6 e6 23. c4 Qe5 24. Bh5 bxc4 25. Qh3 1/2-1/2

[Event "Rochefort op 14th"]
[Site "Rochefort"]
[Date "2015.02.26"]
[Round "8"]
[White "Maloberti, David"]
[Black "Selebran, Henri"]
[Result "0-1"]
[WhiteElo "2129"]
[BlackElo "1914"]
[PlyCount "62"]
[EventDate "2015.02.21"]
[EventType "swiss"]
[EventRounds "9"]
[EventCountry "FRA"]
[SourceTitle "CBM 165 Extra"]
[Source "ChessBase"]
[SourceDate "2015.04.21"]
[SourceVersion "1"]
[SourceVersionDate "2015.04.21"]
[SourceQuality "1"]

1. d4 d5 2. c4 e6 3. Nc3 Nf6 4. cxd5 exd5 5. Bg5 Be7 6. e3 0-0 7. Bd3 Nbd7 8. Nge2 b6 9. Ng3 g6 10. h4 h5 11. Qc2 Kg7 12. Nce2 c5 13. Nf4 Qe8 14. 0-0-0 Rh8 15. Bb5 Bb7 16. Qa4 Qd8 17. e4 a6 18. Bxd7 Nxd7 19. Bxe7 Qxe7 20. Nxd5 Bxd5 21. exd5 b5 22. Qa3 Rhc8 23. Kb1 Nb6 24. dxc5 Qxc5 25. Qd3 f5 26. Rd2 Ra7 27. Re1 Rd7 28. d6 Nc4 29. Qc3+ Kf7 30. Rde2 Qxd6 31. Nf1 Na3+ 0-1

[Event "FRA-ch U20"]
[Site "Montbeliard"]
[Date "2014.04.27"]
[Round "9"]
[White "Selebran, Henri"]
[Black "Moussard, Jules"]
[Result "0-1"]
[WhiteElo "1859"]
[BlackElo "2446"]
[PlyCount "76"]
[EventDate "2014.04.20"]
[EventType "swiss"]
[EventRounds "9"]
[EventCountry "FRA"]
[SourceTitle "CBM 160 Extra"]
[Source "ChessBase"]
[SourceDate "2014.07.01"]
[SourceVersion "1"]
[SourceVersionDate "2014.07.01"]
[SourceQuality "1"]

1. e4 g6 2. d4 Bg7 3. Nc3 d6 4. Nf3 a6 5. Bc4 e6 6. 0-0 Ne7 7. Bf4 b6 8. Qd2 h6 9. Rfe1 Bb7 10. d5 e5 11. Be3 Nd7 12. a4 f5 13. g3 fxe4 14. Nxe4 0-0 15. Nh4 Kh7 16. c3 Nf5 17. Ng2 Nf6 18. f3 Nxe3 19. Nxe3 Nxe4 20. fxe4 Qg5 21. Rf1 Rf4 22. Bd3 Raf8 23. Qe2 Bc8 24. Ng2 Rxf1+ 25. Rxf1 Rxf1+ 26. Kxf1 a5 27. Ne3 Bh3+ 28. Ke1 h5 29. Qf3 Bh6 30. Kf2 Kg7 31. Bb5 Qe7 32. Qe2 Qf6+ 33. Qf3 Bxe3+ 34. Kxe3 Qg5+ 35. Kf2 Qc1 36. Be8 Qxb2+ 37. Ke1 Qc1+ 38. Kf2 Qd2+ 0-1

[Event "FRA-chT U20"]
[Site "Limoges"]
[Date "2014.03.16"]
[Round "3"]
[White "Burg, Julien"]
[Black "Selebran, Henri"]
[Result "0-1"]
[WhiteElo "1830"]
[BlackElo "1870"]
[PlyCount "82"]
[EventDate "2014.03.15"]
[EventType "team-match"]
[EventRounds "3"]
[EventCountry "FRA"]
[SourceTitle "EXT 2015"]
[Source "ChessBase"]
[SourceDate "2014.11.20"]
[SourceVersion "1"]
[SourceVersionDate "2014.11.20"]
[SourceQuality "1"]
[WhiteTeam "Bischwiller"]
[BlackTeam "Limoges"]
[WhiteTeamCountry "FRA"]
[BlackTeamCountry "FRA"]

1. d4 d5 2. c4 e6 3. Nc3 Nf6 4. Bg5 Be7 5. e3 0-0 6. Nf3 b6 7. Bd3 Bb7 8. 0-0 Nbd7 9. Qe2 Ne4 10. Bxe7 Qxe7 11. Qc2 f5 12. cxd5 exd5 13. Rfc1 c5 14. b3 cxd4 15. Nxd4 Rac8 16. Qb2 Ndc5 17. Bf1 f4 18. Nxe4 dxe4 19. Bc4+ Kh8 20. Qd2 f3 21. g3 Rfd8 22. Rd1 Ba6 23. Bxa6 Nxa6 24. Nc6 Rxd2 25. Nxe7 Rcc2 26. Rxd2 Rxd2 27. Nc6 Nc5 28. Ne5 Nd3 29. Nxd3 exd3 30. Kf1 Rc2 31. Ke1 Re2+ 32. Kf1 d2 33. Rd1 g5 34. h3 Kg7 35. a3 Kf6 36. b4 Ke5 37. a4 Ke4 38. a5 Kd3 39. axb6 axb6 40. Ra1 Kc2 41. Ra2+ Kb1 0-1

[Event "FRA-chT U20"]
[Site "Limoges"]
[Date "2014.03.15"]
[Round "1"]
[White "Muller, Etienne"]
[Black "Selebran, Henri"]
[Result "1-0"]
[WhiteElo "1952"]
[BlackElo "1870"]
[PlyCount "95"]
[EventDate "2014.03.15"]
[EventType "team-match"]
[EventRounds "3"]
[EventCountry "FRA"]
[SourceTitle "EXT 2015"]
[Source "ChessBase"]
[SourceDate "2014.11.20"]
[SourceVersion "1"]
[SourceVersionDate "2014.11.20"]
[SourceQuality "1"]
[WhiteTeam "Metz Fischer"]
[BlackTeam "Limoges"]
[WhiteTeamCountry "FRA"]
[BlackTeamCountry "FRA"]

1. Nf3 d5 2. c4 d4 3. b4 e6 4. Qb3 c5 5. bxc5 Bxc5 6. Qb5+ Nd7 7. Bb2 a6 8. Qa4 Qb6 9. Qb3 Ne7 10. e3 dxe3 11. fxe3 Qxb3 12. axb3 0-0 13. d4 Bb4+ 14. Nc3 b6 15. Bd3 Nf5 16. e4 Nd6 17. 0-0 Bb7 18. e5 Nf5 19. Bxf5 exf5 20. Ne2 Be4 21. Ba3 a5 22. Nf4 Bc2 23. Bxb4 axb4 24. Nd2 Ra3 25. Rxa3 bxa3 26. Nd5 Ra8 27. Nc7 Ra5 28. Nb5 Nb8 29. d5 Nd7 30. Ra1 a2 31. Nc3 Nxe5 32. b4 Ra3 33. Rxa2 Rxa2 34. Nxa2 Kf8 35. c5 bxc5 36. bxc5 Ke7 37. Nb4 Be4 38. Kf2 Nd3+ 39. Nxd3 Bxd3 40. Ke3 Ba6 41. Kd4 g5 42. Ke5 Bd3 43. d6+ Kd7 44. Kd5 Bb5 45. Nf3 Bc6+ 46. Ke5 g4 47. Nh4 Be4 48. g3 1-0